| 000 | 00913nam a22002297a 4500 | ||
|---|---|---|---|
| 999 |
_c13171 _d13171 |
||
| 003 | MIRAKIL | ||
| 005 | 20190418121309.0 | ||
| 008 | 190418b tu ||||| |||| 00| 0 tur d | ||
| 020 | _a9786053602903 | ||
| 040 |
_aTR-AnCHP _cTR-AnCHP |
||
| 041 | _atur | ||
| 082 |
_a843.7 _bM64g 2011 |
||
| 100 |
_aMolière, Jean Baptiste Poquelin _d1622-1673 |
||
| 245 | 1 | 0 |
_aGeorge Dandin veya bir koca nasıl rezil edilir? / / _cJean Baptiste Poquelin Moliere, ; Fransızca aslından çeviren: Sema Kuray |
| 260 |
_aİstanbul : _bTürkiye İş Bankası Kültür Yayınları, _c2011. |
||
| 300 |
_a78 s. ; _c22 sm. |
||
| 490 | 0 |
_aTürkiye İş Bankası Kültür Yayınları ; _aHasan Âli Yücel klasikler dizisi ; _vGenel yayın : 2266. _x154. |
|
| 500 | _aÖzgün yapıtadı: George Dandın ou le marı confondu. | ||
| 650 | 0 |
_95051 _aFransız Edebiyatı _xtiyatro |
|
| 700 |
_95636 _aKuray, Sema _eçev. |
||
| 942 |
_2ddc _cBKS |
||